[Event "Sports Meet Chess Tour 55th"]
[Site "New Delhi"]
[Date "2022.12.21"]
[Round "7.2"]
[White "Aditya, Guhagarkar"]
[Black "Veera Phani Sai Teja, K."]
[Result "1-0"]
[WhiteElo "2046"]
[BlackElo "1421"]
[PlyCount "97"]
[EventDate "2022.12.15"]
[EventType "team-swiss"]
[EventRounds "7"]
[EventCountry "IND"]
[SourceTitle "CBM 212 Extra"]
[Source "ChessBase"]
[SourceDate "2023.03.31"]
[SourceVersion "1"]
[SourceVersionDate "2023.03.31"]
[SourceQuality "1"]
[WhiteTeam "Indore"]
[BlackTeam "Madras"]
[WhiteTeamCountry "IND"]
[BlackTeamCountry "IND"]

1. e4 c5 2. b3 Nc6 3. Bb2 e6 4. Nf3 Nf6 5. e5 Nd5 6. c4 Nf4 7. g3 Ng6 8. h4 Qc7 9. Qe2 h5 10. Na3 Nb4 11. Bg2 a6 12. 0-0 b6 13. d3 Bb7 14. Nc2 Nxc2 15. Qxc2 Ne7 16. Rad1 Nf5 17. Qe2 Be7 18. d4 cxd4 19. Nxd4 Bxg2 20. Kxg2 Qb7+ 21. f3 g6 22. Nxf5 gxf5 23. Bd4 Rg8 24. Kh3 0-0-0 25. Qe3 Rg6 26. Rg1 Rdg8 27. Kh2 Qc6 28. c5 b5 29. b4 Qd5 30. a4 Qa2+ 31. Kh3 Bxh4 32. Rd2 Qd5 33. Kxh4 f4 34. Qxf4 Rg4+ 35. fxg4 Rxg4+ 36. Qxg4 hxg4 37. axb5 axb5 38. Rf1 Qc4 39. Rxf7 Qc1 40. Be3 Qh1+ 41. Kg5 Qe4 42. Bf4 Qxb4 43. Rdxd7 Qe4 44. c6 Qxc6 45. Rc7+ Qxc7 46. Rxc7+ Kxc7 47. Kxg4 Kd7 48. Kf3 Ke7 49. Ke4 1-0

[Event "Sports Meet Chess Tour 55th"]
[Site "New Delhi"]
[Date "2022.12.17"]
[Round "3.2"]
[White "Shourya, Jain"]
[Black "Veera Phani Sai Teja, K."]
[Result "1-0"]
[WhiteElo "2118"]
[BlackElo "1421"]
[PlyCount "65"]
[EventDate "2022.12.15"]
[EventType "team-swiss"]
[EventRounds "7"]
[EventCountry "IND"]
[SourceTitle "CBM 212 Extra"]
[Source "ChessBase"]
[SourceDate "2023.03.31"]
[SourceVersion "1"]
[SourceVersionDate "2023.03.31"]
[SourceQuality "1"]
[WhiteTeam "Delhi"]
[BlackTeam "Madras"]
[WhiteTeamCountry "IND"]
[BlackTeamCountry "IND"]

1. e4 c5 2. Nc3 Nc6 3. Bb5 Nd4 4. Bc4 e6 5. Nge2 Ne7 6. 0-0 Nec6 7. d3 Be7 8. f4 a6 9. a4 Rb8 10. Nxd4 Nxd4 11. Ne2 d5 12. Ba2 dxe4 13. dxe4 Nxe2+ 14. Qxe2 0-0 15. Rd1 Qc7 16. Bc4 Bd7 17. a5 Bc6 18. Rd3 Rfd8 19. Bd2 Rd4 20. Rxd4 cxd4 21. Bd3 Bb5 22. Rc1 b6 23. c3 dxc3 24. Rxc3 Bc5+ 25. Be3 Bxd3 26. Qxd3 Rd8 27. Qe2 Qxf4 28. Rxc5 Qxe4 29. axb6 h6 30. Rc4 Qb1+ 31. Kf2 Qh1 32. Kg3 Rd5 33. Rc1 1-0